000 00386nam a2200157Ia 4500
008 151213s9999 xx 000 0 und d
100 _aMariekede Moiy
245 _aAdvertising World Wide
_cMariekede Moiy
250 _a2nd
260 _aNew York
_bPrentic Hall
_c1994
300 _a2957 p.
650 _aMarketing
650 _aMarketing
700 _aMariekede Moiy
999 _c2044
_d2044